| 000 | 00378pam a2200157a 44500 | ||
|---|---|---|---|
| 008 | 230515b1987 xxu||||| |||| 00| 0 eng d | ||
| 020 | _aNULL | ||
| 041 | _aENGL | ||
| 082 | _a621.381537 /KAM | ||
| 100 | _aKAMNEV V | ||
| 245 | _aSWITCHGEAR AND PROTECTIVE GEAR REPAIR AND MAINTENANCE | ||
| 250 | _aN.D. | ||
| 260 |
_aNULL _bMIR P _c1987 |
||
| 300 | _a224 HB | ||
| 650 | _aNULL | ||
| 999 |
_c627130 _d627130 |
||